| 000 | 00545nam a22001577a 4500 | ||
|---|---|---|---|
| 008 | 140121b xxu||||| |||| 00| 0 eng d | ||
| 020 | _a9781442614352 SFX | ||
| 050 | _aB995.L65 | ||
| 100 |
_aLonergan, Bernard J. F. _96769 |
||
| 245 |
_aEarly works on theological method 2 _cBernard J. F. Lonergan, |
||
| 260 |
_aToronto _bUniversity of Toronto Press _c2013 |
||
| 300 |
_axx; 732p.; _c 24cm |
||
| 440 |
_aCollected works of Bernard Lonergan v.23 _96770 |
||
| 650 |
_aTheology _vCatholic Church _y20th century _96771 |
||
| 942 |
_2lcc _cMONOGRAPH |
||
| 999 |
_c119600 _d119600 |
||